00842nam a2200205 a 450000100060000000300080000600500170001400800410003103500190007204000370009104100080012808200220013624501850015825000110034326000390035430000260039350501370041965000150055670000650057169390BD-RjUL20211209081859.0820106s1955 enka 000 0 eng  a(BD-RjUL)69601 aDLCcNjTSdUkdDLCdBD-RjULbeng aeng 223a910bGOE 195510aGeography and man :ba practical survey of the life and work of man in relation to his natural environment /cadvisory editor: W. G. V. Balchin, assisted by 75 eminent authorities. a2d ed. aLondon :bNew Era Pub. Co.,c1955. av. :bill. ;c28 cm.0 av. 1. The heritage of man. Europe.--v. 2. The British Isles. Asia. Africa.--v. 3. The Ameicas. Australasia. Man's work and industry. 0aGeography.1 aBalchin, W. G. V.q(William George Victor),d1916-2007,eed.